Detalles MARC
| 000 -LEADER |
| fixed length control field |
02402nam a22003617a 4500 |
| 003 - CONTROL NUMBER IDENTIFIER |
| control field |
DO-SdBNP |
| 005 - DATE AND TIME OF LATEST TRANSACTION |
| control field |
20230710121656.0 |
| 007 - PHYSICAL DESCRIPTION FIXED FIELD--GENERAL INFORMATION |
| fixed length control field |
ta |
| 008 - FIXED-LENGTH DATA ELEMENTS--GENERAL INFORMATION |
| fixed length control field |
110301s2021 dr ac 000 0 spa d |
| 020 ## - INTERNATIONAL STANDARD BOOK NUMBER |
| International Standard Book Number |
9789945613964 (v. 3) |
| 040 ## - CATALOGING SOURCE |
| Original cataloging agency |
DO-SdBNP |
| Language of cataloging |
spa |
| Transcribing agency |
BPMSU |
| 082 #4 - DEWEY DECIMAL CLASSIFICATION NUMBER |
| Classification number |
972.93053 |
| Item number |
A185f 2021 |
| Edition number |
22 |
| 100 1# - MAIN ENTRY--PERSONAL NAME |
| Personal name |
Acosta Matos, Eliades |
| 245 10 - TITLE STATEMENT |
| Title |
Fugas equivocadas Machado, Batista y Trujillo : |
| Remainder of title |
una historia de violencia y traición / |
| Statement of responsibility, etc. |
Eliades Acosta Matos, Pablo Llabre Raurell; Cuidado de la edición, Enrique Soldevilla Enríquez. |
| 260 ## - PUBLICATION, DISTRIBUTION, ETC. (IMPRINT) |
| Place of publication, distribution, etc. |
Santo Domingo : |
| Name of publisher, distributor, etc. |
Archivo General de la Nación, |
| Date of publication, distribution, etc. |
2021 |
| 300 ## - PHYSICAL DESCRIPTION |
| Extent |
v. ; |
| Dimensions |
23 cm. |
| 490 0# - SERIES STATEMENT |
| Series statement |
Archivo General de la Nación, |
| Volume/sequential designation |
424 |
| 500 ## - GENERAL NOTE |
| General note |
Incluye datos biográficos de los autores en las solapas de la cubierta, y la contracubierta |
| 500 ## - GENERAL NOTE |
| General note |
Incluye referencias bibliográficas y notas al pié de las páginas. |
| 500 ## - GENERAL NOTE |
| General note |
|
| 505 ## - FORMATTED CONTENTS NOTE |
| Formatted contents note |
Volumen III -- |
| Miscellaneous information |
Capítulo XV -- |
| Title |
Jugando a las invasiones y los desembarcos -- |
| -- |
Pasando el Rubicón -- |
| -- |
La recta final hacia el abrazo -- |
| Miscellaneous information |
Capítulo XVI -- |
| Title |
La voz del buen sentido y la responsabilidad -- |
| -- |
Prendas de amistad -- |
| -- |
Nubes sobre La Habana -- |
| -- |
Cerrando el auspicioso año de 1957 -- |
| Miscellaneous information |
Capítulo XVII -- |
| Title |
Huyéndole a esto -- |
| -- |
De vuelta a los buenos viejos tiempos -- |
| -- |
Hacia el ocaso definitivo -- |
| Miscellaneous information |
Capítulo XVIII -- |
| Title |
La estampida -- |
| -- |
Una estampida deliberadamente difuminada -- |
| -- |
Organizando la fuga -- |
| -- |
Ciudad Trujillo y los primeros encuentros -- |
| Miscellaneous information |
Capítulo XIX -- |
| Title |
Trujillo se desencadena -- |
| -- |
El tirano incómodo -- |
| -- |
El diluvio descubierto desde Ciudad Trujillo -- |
| Miscellaneous information |
Capítulo XX -- |
| Title |
Una casa de espantos -- |
| -- |
Movilizaciones e inmovilidades -- |
| -- |
Planes rocambolescos -- |
| Miscellaneous information |
Capítulo XXI -- |
| Title |
Un final de opereta -- |
| -- |
Desesperación -- |
| -- |
Con espantoso tesón -- |
| -- |
Testimonio gráfico / |
| 590 ## - LOCAL NOTE (RLIN) |
| Local note |
Inventariado, 2023/VM |
| 600 14 - SUBJECT ADDED ENTRY--PERSONAL NAME |
| Personal name |
Trujillo Molina, Rafael Leónidas |
| Dates associated with a name |
1891-1961 |
| 600 14 - SUBJECT ADDED ENTRY--PERSONAL NAME |
| Personal name |
Machado y Morales, Geraldo |
| Dates associated with a name |
1871-1939 |
| 600 14 - SUBJECT ADDED ENTRY--PERSONAL NAME |
| Personal name |
Batistas y Zaldívar, Fulgencio |
| Dates associated with a name |
1901-1973 |
| 651 #4 - SUBJECT ADDED ENTRY--GEOGRAPHIC NAME |
| Geographic name |
República Dominicana |
| General subdivision |
Historia |
| Chronological subdivision |
Era de Trujillo, 1930-1961 |
| 651 #4 - SUBJECT ADDED ENTRY--GEOGRAPHIC NAME |
| Geographic name |
República Dominicana |
| Geographic subdivision |
Cuba |
| General subdivision |
Relaciones exteriores |
| 651 #4 - SUBJECT ADDED ENTRY--GEOGRAPHIC NAME |
| Geographic name |
Caribe (Región) |
| General subdivision |
Política y gobierno |
| Chronological subdivision |
Siglo XX. |
| 700 1# - ADDED ENTRY--PERSONAL NAME |
| Personal name |
Llabre Raurell, Pablo |
| 700 1# - ADDED ENTRY--PERSONAL NAME |
| Personal name |
Soldevilla Enríquez, Enrique, |
| Relator term |
ed. |
| 910 ## - USER-OPTION DATA (OCLC) |
| User-option data |
VMateo V. Control de calidad (BPMSU) |
| 942 ## - ADDED ENTRY ELEMENTS (KOHA) |
| Source of classification or shelving scheme |
Dewey Decimal Classification |
| Koha item type |
Libros |